[Event "Festival de Calviá 2016 - Aficionados"]
[Site "Calvia ESP"]
[Date "2016.10.14"]
[Round "7.17"]
[White "Van Herck, Marcel"]
[Black "Holliman, Bob"]
[Result "1/2-1/2"]
[WhiteElo "2182"]
[BlackElo "1877"]
[PlyCount "44"]
[EventDate "2016.10.08"]
[EventType "swiss"]
[EventRounds "9"]
[EventCountry "ESP"]
[SourceTitle "Ajedrez en Madrid"]
[Source "lmi"]
[SourceDate "2016.10.08"]

1. e4 e6 2. d4 d5 3. Nc3 Bb4 4. Nge2 dxe4 5. a3 Bxc3+ 6. Nxc3 Nc6 7. d5 exd5 8.
Qxd5 Be6 9. Qxe4 Nf6 10. Qh4 Qe7 11. Be3 O-O-O 12. Be2 Nd5 13. Qxe7 Ndxe7 14.
O-O Rhe8 15. Rfd1 Nf5 16. Bf4 a6 17. Rxd8+ Rxd8 18. Rd1 Nfd4 19. Bd3 Bf5 20.
Bxf5+ Nxf5 21. Rxd8+ Nxd8 22. Nd5 Ne6 1/2-1/2

[Event "Festival de Calviá 2016 - Aficionados"]
[Site "Calvia ESP"]
[Date "2016.10.14"]
[Round "7.19"]
[White "Queirolo Perez, Manuel"]
[Black "Fichtinger, Leopold"]
[Result "0-1"]
[WhiteElo "2084"]
[BlackElo "1951"]
[PlyCount "78"]
[EventDate "2016.10.08"]
[EventType "swiss"]
[EventRounds "9"]
[EventCountry "ESP"]
[SourceTitle "Ajedrez en Madrid"]
[Source "lmi"]
[SourceDate "2016.10.08"]

1. e4 e6 2. d4 d5 3. Nc3 Bb4 4. e5 c5 5. a3 Bxc3+ 6. bxc3 Qc7 7. Bd2 Nc6 8. Nf3
f6 9. Bb5 Bd7 10. Bxc6 Bxc6 11. O-O f5 12. Ng5 Qe7 13. dxc5 Nh6 14. Qh5+ Kd7
15. h3 Raf8 16. Nf3 Nf7 17. Nd4 Qxc5 18. Nxf5 g6 19. Be3 Qc4 20. Qd1 gxf5 21.
Bd4 Rhg8 22. Re1 a5 23. Rb1 Kc8 24. Rb6 Rg6 25. Qh5 Rh6 26. Qf3 Ng5 27. Qf4 Rg8
28. Kh2 Rhg6 29. Qh4 h6 30. Qh5 Ne4 31. Rg1 Nxc3 32. Qh4 Rg5 33. Qxh6 R5g6 34.
Qh4 Ne2 35. Rgb1 Nxd4 36. Qe7 Rxg2+ 37. Kh1 R2g7 38. Qd6 Rd7 39. Rxc6+ Qxc6 0-1

[Event "Festival de Calviá 2016 - Aficionados"]
[Site "Calvia ESP"]
[Date "2016.10.14"]
[Round "7.24"]
[White "Bosschem, Eddy"]
[Black "Planas Gene, Juan"]
[Result "1/2-1/2"]
[WhiteElo "1881"]
[BlackElo "2028"]
[PlyCount "40"]
[EventDate "2016.10.08"]
[EventType "swiss"]
[EventRounds "9"]
[EventCountry "ESP"]
[SourceTitle "Ajedrez en Madrid"]
[Source "lmi"]
[SourceDate "2016.10.08"]

1. d4 Nf6 2. Nf3 e6 3. Bf4 d5 4. e3 Bd6 5. Bg3 c5 6. c3 Nc6 7. Nbd2 Qc7 8. dxc5
Bxg3 9. hxg3 a5 10. Bb5 Bd7 11. Qc2 Ne5 12. Bxd7+ Nexd7 13. e4 dxe4 14. Nxe4
Nxe4 15. Qxe4 Nxc5 16. Qc4 Rd8 17. O-O O-O 18. Rad1 h6 19. Rfe1 Na6 20. Qb5 Nb8
1/2-1/2

[Event "Festival de Calviá 2016 - Aficionados"]
[Site "Calvia ESP"]
[Date "2016.10.14"]
[Round "7.27"]
[White "Wahl, Peter"]
[Black "Naylor, John"]
[Result "0-1"]
[WhiteElo "1801"]
[BlackElo "2135"]
[PlyCount "48"]
[EventDate "2016.10.08"]
[EventType "swiss"]
[EventRounds "9"]
[EventCountry "ESP"]
[SourceTitle "Ajedrez en Madrid"]
[Source "lmi"]
[SourceDate "2016.10.08"]

1. d4 Nf6 2. c4 c5 3. d5 b5 4. cxb5 a6 5. bxa6 g6 6. Nc3 Bxa6 7. Nf3 Bg7 8. g3
d6 9. Bg2 Nbd7 10. Qc2 Nb6 11. Nd2 O-O 12. O-O Ra7 13. Re1 e6 14. dxe6 fxe6 15.
Rb1 d5 16. b4 cxb4 17. Rxb4 Qc7 18. Qb3 Nc4 19. Nb5 Bxb5 20. Rxb5 Ng4 21. Nf3
Nd6 22. Rb4 Bc3 23. Bf4 Bxe1 24. Bxd6 Bxf2+ 0-1

[Event "Festival de Calviá 2016 - Aficionados"]
[Site "Calvia ESP"]
[Date "2016.10.14"]
[Round "7.29"]
[White "Gaitan Moyano, Juan"]
[Black "Vicens Company, Maria Antonia"]
[Result "1/2-1/2"]
[WhiteElo "2017"]
[BlackElo "1785"]
[PlyCount "57"]
[EventDate "2016.10.08"]
[EventType "swiss"]
[EventRounds "9"]
[EventCountry "ESP"]
[SourceTitle "Ajedrez en Madrid"]
[Source "lmi"]
[SourceDate "2016.10.08"]

1. e4 e5 2. Nf3 Nf6 3. Nxe5 d6 4. Nf3 Nxe4 5. Nc3 Nf6 6. d4 Be7 7. Bd3 O-O 8.
h3 Re8 9. O-O c5 10. Be3 Nc6 11. a3 a6 12. d5 Nb8 13. a4 b6 14. Ne2 Nbd7 15. c4
Nf8 16. Ng3 Ng6 17. Qd2 Rb8 18. Rfe1 Bd7 19. Nf5 Bf8 20. Bg5 Rxe1+ 21. Qxe1 Qe8
22. Qd1 Ne4 23. Bxe4 Qxe4 24. Ng3 Qxc4 25. b3 Qc3 26. Rc1 Qb2 27. Rb1 Qc3 28.
Rc1 Qb2 29. Rb1 1/2-1/2

[Event "Festival de Calviá 2016 - Aficionados"]
[Site "Calvia ESP"]
[Date "2016.10.14"]
[Round "7.30"]
[White "Navarrete Terrasa, Sebastian"]
[Black "Baatz, Karl-Heinz"]
[Result "1-0"]
[WhiteElo "2009"]
[BlackElo "1843"]
[PlyCount "36"]
[EventDate "2016.10.08"]
[EventType "swiss"]
[EventRounds "9"]
[EventCountry "ESP"]
[SourceTitle "Ajedrez en Madrid"]
[Source "lmi"]
[SourceDate "2016.10.08"]

1. e4 Nf6 2. Nc3 e5 3. f4 d5 4. fxe5 Nxe4 5. d3 Nxc3 6. bxc3 Be7 7. Nf3 Bg4 8.
Be2 Nd7 9. d4 O-O 10. O-O f6 11. h3 Be6 12. exf6 Bxf6 13. Rb1 Rb8 14. Bd3 c5
15. Re1 Bf7 16. Bf4 b6 17. Bxb8 Qxb8 18. Bf5 Be8 1-0

[Event "Festival de Calviá 2016 - Aficionados"]
[Site "Calvia ESP"]
[Date "2016.10.14"]
[Round "7.34"]
[White "Amengual Perello, Jordi"]
[Black "Kehloul Gutierrez, Sadek"]
[Result "1/2-1/2"]
[WhiteElo "1393"]
[BlackElo "1918"]
[PlyCount "83"]
[EventDate "2016.10.08"]
[EventType "swiss"]
[EventRounds "9"]
[EventCountry "ESP"]
[SourceTitle "Ajedrez en Madrid"]
[Source "lmi"]
[SourceDate "2016.10.08"]

1. e4 c5 2. Nc3 Nc6 3. f4 e6 4. Nf3 a6 5. a4 d5 6. d3 Nf6 7. e5 Nd7 8. d4 cxd4
9. Nxd4 Ndxe5 10. Nxe6 Bxe6 11. fxe5 Nxe5 12. Bf4 Nc6 13. Be2 Bc5 14. Bf3 O-O
15. Qd2 d4 16. Ne4 Bb4 17. c3 dxc3 18. bxc3 Qxd2+ 19. Bxd2 Be7 20. O-O Ne5 21.
Bf4 Nxf3+ 22. Rxf3 Bd5 23. Re3 Bxe4 24. Rxe4 Bf6 25. Be5 Bxe5 26. Rxe5 Rfc8 27.
Re7 b6 28. Rf1 f6 29. Rf3 Kf8 30. Rb7 Rab8 31. Ra7 Ra8 32. Rb7 Rcb8 33. Rc7 Rc8
34. Rb7 b5 35. Rg3 g5 36. Rh3 Rcb8 37. Rc7 Rc8 38. Rb7 Rab8 39. Ra7 Ra8 40. Rb7
Rab8 41. Ra7 Ra8 42. Rb7 1/2-1/2

[Event "Festival de Calviá 2016 - Aficionados"]
[Site "Calvia ESP"]
[Date "2016.10.14"]
[Round "7.36"]
[White "Drillat, Michel"]
[Black "Mackay, Ian W"]
[Result "1-0"]
[WhiteElo "1862"]
[BlackElo "1667"]
[PlyCount "89"]
[EventDate "2016.10.08"]
[EventType "swiss"]
[EventRounds "9"]
[EventCountry "ESP"]
[SourceTitle "Ajedrez en Madrid"]
[Source "lmi"]
[SourceDate "2016.10.08"]

1. d4 Nf6 2. c4 e6 3. Nc3 Bb4 4. Nf3 Ne4 5. Qc2 f5 6. e3 b6 7. Bd3 Bb7 8. a3
Bxc3+ 9. bxc3 O-O 10. O-O d6 11. Nd2 Nxd2 12. Bxd2 Qh4 13. f3 Nd7 14. e4 f4 15.
Be1 Qh5 16. Qf2 e5 17. Qh4 Qf7 18. g3 Ba6 19. d5 Qf6 20. g4 g5 21. Qf2 Kf7 22.
Qg2 Rh8 23. Kf2 h5 24. h3 hxg4 25. hxg4 Rh6 26. Bd2 Rah8 27. Rh1 Nc5 28. Ke2
Nb3 29. Rag1 Na5 30. c5 Bxd3+ 31. Kxd3 dxc5 32. c4 Nb7 33. Rh5 Nd6 34. Rgh1 Kg7
35. Bc3 Nf7 36. R1h3 Rxh5 37. Rxh5 Rxh5 38. gxh5 Kh6 39. Qg4 Qg7 40. a4 a5 41.
Bb2 Nd6 42. Qe6+ Kxh5 43. Bxe5 Qf8 44. Qd7 Kh4 45. Qg4# 1-0

[Event "Festival de Calviá 2016 - Aficionados"]
[Site "Calvia ESP"]
[Date "2016.10.14"]
[Round "7.37"]
[White "Billotti, Romain"]
[Black "Molet, Asher"]
[Result "1/2-1/2"]
[WhiteElo "1853"]
[BlackElo "1597"]
[PlyCount "62"]
[EventDate "2016.10.08"]
[EventType "swiss"]
[EventRounds "9"]
[EventCountry "ESP"]
[SourceTitle "Ajedrez en Madrid"]
[Source "lmi"]
[SourceDate "2016.10.08"]

1. d4 d5 2. c4 e6 3. e3 Nf6 4. Nf3 c6 5. Nc3 Bd6 6. Be2 O-O 7. O-O Nbd7 8. cxd5
exd5 9. Bd3 Qe7 10. Nd2 Re8 11. e4 dxe4 12. Ndxe4 Bc7 13. Bg5 Qf8 14. Qf3 Nd5
15. Nxd5 cxd5 16. Ng3 Nb6 17. Rfe1 Bd7 18. Nf5 Rxe1+ 19. Rxe1 Bd8 20. Be7 Bxe7
21. Nxe7+ Kh8 22. Qh5 h6 23. Nxd5 Nxd5 24. Qxd5 Bc6 25. Qf5 g6 26. Qf6+ Qg7 27.
Qxg7+ Kxg7 28. Be4 Re8 29. f3 f5 30. d5 Bxd5 31. Rd1 Bxa2 1/2-1/2

[Event "Festival de Calviá 2016 - Aficionados"]
[Site "Calvia ESP"]
[Date "2016.10.14"]
[Round "7.38"]
[White "Ramis Sebastia, Jordi Salvador"]
[Black "Gawle, Ireneusz"]
[Result "0-1"]
[WhiteElo "1582"]
[BlackElo "1846"]
[PlyCount "100"]
[EventDate "2016.10.08"]
[EventType "swiss"]
[EventRounds "9"]
[EventCountry "ESP"]
[SourceTitle "Ajedrez en Madrid"]
[Source "lmi"]
[SourceDate "2016.10.08"]

1. d4 Nf6 2. c4 g6 3. g3 Bg7 4. Bg2 O-O 5. e4 d6 6. Ne2 Nc6 7. O-O e5 8. d5 Ne7
9. b4 Nh5 10. Bb2 f5 11. f4 fxe4 12. Bxe4 Bh3 13. Bg2 Bxg2 14. Kxg2 Nf5 15. Qb3
exf4 16. Bxg7 Kxg7 17. Qc3+ Qf6 18. Nxf4 Nxf4+ 19. Rxf4 Ne3+ 20. Kg1 Qxc3 21.
Nxc3 Rxf4 22. gxf4 Nxc4 23. Nb5 c6 24. dxc6 bxc6 25. Nd4 Rc8 26. Re1 Kf7 27.
Kf2 h6 28. h4 c5 29. bxc5 dxc5 30. Nb3 Nb2 31. Kg3 c4 32. Nd4 c3 33. Rc1 Rc4
34. Nb5 Rc5 35. Nxc3 Nd3 36. Rc2 h5 37. a4 a5 38. Kh2 Rc4 39. Kg3 Rxf4 40. Re2
Rg4+ 41. Kf3 Rxh4 42. Nd5 Rxa4 43. Re7+ Kf8 44. Re6 Ra3 45. Rf6+ Kg7 46. Ke2
Nb4 47. Rd6 Rd3 48. Rd7+ Kh6 49. Nb6 Rxd7 50. Nxd7 Kg5 0-1

[Event "Festival de Calviá 2016 - Aficionados"]
[Site "Calvia ESP"]
[Date "2016.10.14"]
[Round "7.39"]
[White "Garrido Lluy, Javier"]
[Black "Cassidy, Sydney"]
[Result "1-0"]
[WhiteElo "1845"]
[BlackElo "1583"]
[PlyCount "41"]
[EventDate "2016.10.08"]
[EventType "swiss"]
[EventRounds "9"]
[EventCountry "ESP"]
[SourceTitle "Ajedrez en Madrid"]
[Source "lmi"]
[SourceDate "2016.10.08"]

1. e4 c5 2. f4 d6 3. b3 e5 4. Bb2 exf4 5. Nf3 Nf6 6. Nc3 Be6 7. Bb5+ Nbd7 8.
Qe2 Be7 9. O-O-O a6 10. Bd3 O-O 11. e5 dxe5 12. Nxe5 b5 13. Nc6 Qe8 14. Rde1
Bd6 15. Ne4 Be7 16. Qf3 Rc8 17. Nxe7+ Qxe7 18. Nxf6+ Nxf6 19. Qxf4 Nd5 20. Qe4
Nf6 21. Bxf6 1-0

[Event "Festival de Calviá 2016 - Aficionados"]
[Site "Calvia ESP"]
[Date "2016.10.14"]
[Round "7.40"]
[White "Satre, Roger"]
[Black "Nesse, David"]
[Result "1-0"]
[WhiteElo "1827"]
[BlackElo "1502"]
[PlyCount "51"]
[EventDate "2016.10.08"]
[EventType "swiss"]
[EventRounds "9"]
[EventCountry "ESP"]
[SourceTitle "Ajedrez en Madrid"]
[Source "lmi"]
[SourceDate "2016.10.08"]

1. e4 c5 2. Nc3 a6 3. f4 b5 4. Nf3 Bb7 5. d3 e6 6. g3 d5 7. e5 h5 8. d4 Nh6 9.
Be3 Nf5 10. Bf2 c4 11. Ne2 Be7 12. h3 Qa5+ 13. c3 b4 14. Bg2 Nd7 15. O-O Rg8
16. Nd2 Qb5 17. Bf3 g5 18. Bxh5 gxf4 19. Nxf4 Nxg3 20. Bxg3 Rxg3+ 21. Kh2 Bh4
22. Bxf7+ Ke7 23. Ng6+ Rxg6 24. Bxg6 Rg8 25. Qh5 Bf6 26. Qh7+ 1-0

[Event "Festival de Calviá 2016 - Aficionados"]
[Site "Calvia ESP"]
[Date "2016.10.14"]
[Round "7.42"]
[White "Jaumandreu Llopis, Antonio"]
[Black "Burkevica, Ilze"]
[Result "1/2-1/2"]
[WhiteElo "1497"]
[BlackElo "1794"]
[PlyCount "35"]
[EventDate "2016.10.08"]
[EventType "swiss"]
[EventRounds "9"]
[EventCountry "ESP"]
[SourceTitle "Ajedrez en Madrid"]
[Source "lmi"]
[SourceDate "2016.10.08"]

1. e4 c5 2. Nf3 e6 3. d4 cxd4 4. Nxd4 a6 5. Nc3 d6 6. Bc4 Nf6 7. Bg5 Be7 8. O-O
Qc7 9. Bd3 h6 10. Bh4 b5 11. Bxf6 Bxf6 12. Bxb5+ Bd7 13. Bxd7+ Nxd7 14. Nce2
Nc5 15. Ng3 Qb6 16. c3 O-O 17. Qc2 Nd7 18. Rad1 1/2-1/2

[Event "Festival de Calviá 2016 - Aficionados"]
[Site "Calvia ESP"]
[Date "2016.10.14"]
[Round "7.50"]
[White "Aguado Doncel, Pablo Luis"]
[Black "Driessen Llado, Pedro"]
[Result "0-1"]
[WhiteElo "1514"]
[BlackElo "1647"]
[PlyCount "84"]
[EventDate "2016.10.08"]
[EventType "swiss"]
[EventRounds "9"]
[EventCountry "ESP"]
[SourceTitle "Ajedrez en Madrid"]
[Source "lmi"]
[SourceDate "2016.10.08"]

1. d4 Nf6 2. Nf3 d5 3. c4 c6 4. Nc3 Bf5 5. cxd5 cxd5 6. Qb3 Qb6 7. Nxd5 Nxd5 8.
Qxd5 e6 9. Qb3 Bb4+ 10. Bd2 Bxd2+ 11. Nxd2 Qxb3 12. Nxb3 Nc6 13. e3 Rc8 14. Bb5
a6 15. Bxc6+ Rxc6 16. O-O Ke7 17. Rac1 Rhc8 18. Rxc6 Rxc6 19. Rc1 Rxc1+ 20.
Nxc1 Kd6 21. f3 Bc2 22. Kf2 Kd5 23. b3 Bg6 24. Ke2 f6 25. Nd3 e5 26. Nb4+ Kd6
27. e4 exd4 28. Kd3 Kc5 29. Nc2 a5 30. Nxd4 Bf7 31. Kc3 b5 32. h3 b4+ 33. Kd3
a4 34. f4 a3 35. Nc2 g6 36. Ne3 Bg8 37. Ng4 Bxb3 38. Ne3 Bxa2 39. Nc2 Bb1 40.
Kd2 Bxc2 41. Kxc2 Kd4 42. e5 fxe5 0-1

[Event "Festival de Calviá 2016 - Aficionados"]
[Site "Calvia ESP"]
[Date "2016.10.14"]
[Round "7.53"]
[White "Nettleton, Robin"]
[Black "Koch-Muller, Victor"]
[Result "1/2-1/2"]
[WhiteElo "1288"]
[BlackElo "1547"]
[PlyCount "95"]
[EventDate "2016.10.08"]
[EventType "swiss"]
[EventRounds "9"]
[EventCountry "ESP"]
[SourceTitle "Ajedrez en Madrid"]
[Source "lmi"]
[SourceDate "2016.10.08"]

1. d4 d5 2. Nf3 c5 3. c3 e6 4. Bf4 Nc6 5. e3 h6 6. Be2 Bd6 7. Bxd6 Qxd6 8. O-O
b6 9. Nbd2 Nf6 10. Qc2 e5 11. dxe5 Nxe5 12. Nxe5 Qxe5 13. Bb5+ Bd7 14. Bxd7+
Nxd7 15. Qa4 Qd6 16. Rfe1 O-O 17. Rad1 Nf6 18. Nf3 Rfe8 19. Re2 a5 20. Qc2 Rad8
21. Red2 c4 22. Nd4 Qd7 23. Qf5 Qxf5 24. Nxf5 Re5 25. Nd4 Ne4 26. Nc6 Nxd2 27.
Nxd8 Ne4 28. Nc6 Re6 29. Nd4 Rf6 30. Nf3 Rd6 31. Nd4 Nc5 32. Nb5 Rd7 33. Nd4
Nd3 34. b3 Nc5 35. Rb1 Kf8 36. bxc4 dxc4 37. Rxb6 Na4 38. Rc6 Nxc3 39. a3 Ne2+
40. Kf1 Nxd4 41. exd4 Rxd4 42. Rc5 Rd1+ 43. Ke2 Ra1 44. Rxa5 Ra2+ 45. Ke3 c3
46. a4 c2 47. Rc5 Rxa4 48. Rxc2 1/2-1/2

[Event "Festival de Calviá 2016 - Aficionados"]
[Site "Calvia ESP"]
[Date "2016.10.15"]
[Round "8.1"]
[White "Ustianovich, Nazar"]
[Black "Galiana Salom, Juan Ramon"]
[Result "1/2-1/2"]
[WhiteElo "2316"]
[BlackElo "2262"]
[PlyCount "69"]
[EventDate "2016.10.08"]
[EventType "swiss"]
[EventRounds "9"]
[EventCountry "ESP"]
[SourceTitle "Ajedrez en Madrid"]
[Source "lmi"]
[SourceDate "2016.10.08"]

1. Nf3 f5 2. d3 d6 3. e4 c6 4. exf5 Bxf5 5. d4 Nf6 6. Bd3 g6 7. O-O Qd7 8. Re1
Na6 9. Bxa6 bxa6 10. Qe2 Bg7 11. c3 Rb8 12. Nh4 O-O 13. Nxf5 Qxf5 14. Nd2 Nd5
15. Nf3 e5 16. dxe5 dxe5 17. Ng5 Bh6 18. Nh3 Bxc1 19. Raxc1 Rb6 20. b3 Rd8 21.
f3 Kg7 22. Qc4 Re8 23. Re2 Qf6 24. Rce1 e4 25. Rxe4 Rxe4 26. Rxe4 Qxc3 27. Re7+
Kg8 28. Qxc3 Nxc3 29. Ng5 h6 30. Ne4 Nxa2 31. Rxa7 Rxb3 32. Nf6+ Kf8 33. Nh7+
Ke8 34. Nf6+ Kf8 35. Nh7+ 1/2-1/2

[Event "Festival de Calviá 2016 - Aficionados"]
[Site "Calvia ESP"]
[Date "2016.10.15"]
[Round "8.2"]
[White "Lacrosse, Marc"]
[Black "Kolotilina, Liudmila"]
[Result "1/2-1/2"]
[WhiteElo "2247"]
[BlackElo "2143"]
[PlyCount "26"]
[EventDate "2016.10.08"]
[EventType "swiss"]
[EventRounds "9"]
[EventCountry "ESP"]
[SourceTitle "Ajedrez en Madrid"]
[Source "lmi"]
[SourceDate "2016.10.08"]

1. d4 d5 2. c4 dxc4 3. Nf3 a6 4. e3 b5 5. a4 Bb7 6. axb5 axb5 7. Rxa8 Bxa8 8.
b3 e6 9. bxc4 bxc4 10. Bxc4 Nd7 11. O-O Ngf6 12. Qe2 Be7 13. Rd1 O-O 1/2-1/2

[Event "Festival de Calviá 2016 - Aficionados"]
[Site "Calvia ESP"]
[Date "2016.10.15"]
[Round "8.3"]
[White "Ballesteros Gonzalez, David"]
[Black "Bebchuk, Boris"]
[Result "1-0"]
[WhiteElo "2167"]
[BlackElo "2125"]
[PlyCount "75"]
[EventDate "2016.10.08"]
[EventType "swiss"]
[EventRounds "9"]
[EventCountry "ESP"]
[SourceTitle "Ajedrez en Madrid"]
[Source "lmi"]
[SourceDate "2016.10.08"]

1. d4 Nf6 2. c4 e6 3. Nf3 c5 4. d5 exd5 5. cxd5 d6 6. Nc3 g6 7. e4 Bg7 8. Bb5+
Nfd7 9. Bg5 Qa5 10. O-O a6 11. Be2 b5 12. Nd2 Qb6 13. a4 b4 14. Nc4 Qc7 15. Nb1
Ne5 16. Nbd2 Nbd7 17. Nxe5 Nxe5 18. f4 Nd7 19. Qc2 O-O 20. a5 Re8 21. Nc4 Bb7
22. Rae1 Nf6 23. Bf3 Rab8 24. Qd3 h6 25. Bh4 Nh7 26. e5 g5 27. fxg5 hxg5 28.
Bh5 Rf8 29. exd6 Qd8 30. Bxf7+ Kh8 31. Bg3 Bd4+ 32. Kh1 Qd7 33. Re7 Qb5 34.
Qxd4+ cxd4 35. Be5+ Nf6 36. Bxf6+ Kh7 37. Be8+ Kg8 38. Bxb5 1-0

[Event "Festival de Calviá 2016 - Aficionados"]
[Site "Calvia ESP"]
[Date "2016.10.15"]
[Round "8.4"]
[White "Viskelis, Darius"]
[Black "Spence, David J"]
[Result "1-0"]
[WhiteElo "2305"]
[BlackElo "2192"]
[PlyCount "63"]
[EventDate "2016.10.08"]
[EventType "swiss"]
[EventRounds "9"]
[EventCountry "ESP"]
[SourceTitle "Ajedrez en Madrid"]
[Source "lmi"]
[SourceDate "2016.10.08"]

1. e4 e6 2. d4 d5 3. e5 c5 4. Nf3 Nc6 5. c3 Qb6 6. Na3 cxd4 7. cxd4 Bd7 8. Nc2
Rc8 9. Bd3 Nb4 10. Nxb4 Bxb4+ 11. Kf1 Bb5 12. a3 Bf8 13. g3 Ne7 14. Kg2 Bxd3
15. Qxd3 Nc6 16. b4 Be7 17. h4 h6 18. h5 Kd7 19. Bd2 Kc7 20. Rhb1 Kb8 21. a4
Ka8 22. a5 Qd8 23. b5 Nb8 24. a6 b6 25. Rc1 Qd7 26. Rxc8 Rxc8 27. Rc1 Rxc1 28.
Bxc1 f5 29. exf6 Bxf6 30. Bf4 Qc8 31. Qg6 Qf8 32. Ne5 1-0

[Event "Festival de Calviá 2016 - Aficionados"]
[Site "Calvia ESP"]
[Date "2016.10.15"]
[Round "8.5"]
[White "Gavrish, Leonid"]
[Black "Garcia Del Rey, Senen"]
[Result "1-0"]
[WhiteElo "2158"]
[BlackElo "2253"]
[PlyCount "121"]
[EventDate "2016.10.08"]
[EventType "swiss"]
[EventRounds "9"]
[EventCountry "ESP"]
[SourceTitle "Ajedrez en Madrid"]
[Source "lmi"]
[SourceDate "2016.10.08"]

1. d4 Nf6 2. c4 e6 3. Nc3 Bb4 4. e3 O-O 5. Bd3 d5 6. cxd5 exd5 7. Nge2 Re8 8.
Bd2 a6 9. Qb3 Ba5 10. O-O Nbd7 11. Rad1 c6 12. f3 Nf8 13. Kh1 Ne6 14. Bb1 Bc7
15. Be1 Ng5 16. Bf2 b5 17. Qc2 g6 18. Qd2 h6 19. Nc1 b4 20. Na4 a5 21. Nc5 Ba6
22. Nxa6 Rxa6 23. Nd3 Nd7 24. Rc1 Bd6 25. Bc2 Qb8 26. Ba4 Rc8 27. h4 Ne6 28. e4
Nb6 29. Rxc6 Nc4 30. Rxc8+ Qxc8 31. Qxh6 Nxb2 32. exd5 Nxd3 33. dxe6 Nxf2+ 34.
Rxf2 Qxe6 35. Qc1 Ra8 36. Bb3 Rc8 37. Qg1 Qf6 38. g3 Rc3 39. Kg2 Qxd4 40. Qe1
Kg7 41. Rd2 Qf6 42. Qd1 Be7 43. Qe2 Rc8 44. Rd7 Kf8 45. Ra7 Rc5 46. Qe3 g5 47.
h5 Re5 48. Qd3 g4 49. fxg4 Qc6+ 50. Kh2 Re1 51. Bd5 Qc1 52. Ra8+ Kg7 53. Ra6
Qb2+ 54. Kh3 Bf6 55. Ra7 Re7 56. Rxa5 Re2 57. g5 Bxg5 58. Bxf7 Rh2+ 59. Kg4
Kxf7 60. Qg6+ Ke7 61. Ra7+ 1-0

[Event "Festival de Calviá 2016 - Aficionados"]
[Site "Calvia ESP"]
[Date "2016.10.15"]
[Round "8.6"]
[White "Cip, Dalibor"]
[Black "Hristodorescu, Daniel"]
[Result "0-1"]
[WhiteElo "2141"]
[BlackElo "2229"]
[PlyCount "82"]
[EventDate "2016.10.08"]
[EventType "swiss"]
[EventRounds "9"]
[EventCountry "ESP"]
[SourceTitle "Ajedrez en Madrid"]
[Source "lmi"]
[SourceDate "2016.10.08"]

1. Nf3 Nf6 2. c4 g6 3. g3 Bg7 4. Bg2 O-O 5. O-O d6 6. Nc3 c6 7. d3 e5 8. Rb1
Re8 9. Bg5 h6 10. Bxf6 Bxf6 11. b4 d5 12. cxd5 cxd5 13. Qd2 Bg7 14. Rbc1 Nc6
15. b5 Ne7 16. d4 e4 17. Ne1 h5 18. Nc2 Nf5 19. e3 Be6 20. Nb4 Bf8 21. Qb2 Qd6
22. a3 h4 23. Rfe1 hxg3 24. hxg3 a5 25. bxa6 bxa6 26. Bf1 Reb8 27. Qa2 Ne7 28.
Na4 a5 29. Nc2 Bg4 30. Be2 Bf3 31. Nc5 g5 32. Bxf3 exf3 33. e4 Qh6 34. Re3 g4
35. e5 Rb6 36. Ne1 Rab8 37. Qc2 Rb2 38. Qd1 Rxf2 39. Kxf2 Qh2+ 40. Kf1 Nf5 41.
Nxf3 Nxe3+ 0-1

[Event "Festival de Calviá 2016 - Aficionados"]
[Site "Calvia ESP"]
[Date "2016.10.15"]
[Round "8.7"]
[White "Greiff, Hakan"]
[Black "Ponce Cano, Adrian"]
[Result "1/2-1/2"]
[WhiteElo "2212"]
[BlackElo "2121"]
[PlyCount "86"]
[EventDate "2016.10.08"]
[EventType "swiss"]
[EventRounds "9"]
[EventCountry "ESP"]
[SourceTitle "Ajedrez en Madrid"]
[Source "lmi"]
[SourceDate "2016.10.08"]

1. e4 c5 2. Nf3 d6 3. d4 cxd4 4. Nxd4 Nf6 5. Nc3 a6 6. Be3 e5 7. Nf3 Be7 8. Bg5
Be6 9. Bxf6 Bxf6 10. Qd2 Nc6 11. Nd5 Bxd5 12. Qxd5 O-O 13. Rd1 Qb6 14. Qb3 Qc7
15. c3 Rad8 16. Be2 Ne7 17. O-O Ng6 18. g3 Be7 19. h4 Qc8 20. Nh2 Qc6 21. h5
Nh8 22. Rd5 h6 23. Ng4 Kh7 24. Rfd1 g6 25. Kg2 Kg7 26. Ne3 f5 27. hxg6 fxe4 28.
Qc2 Nxg6 29. Qxe4 Bg5 30. Bd3 Rf6 31. Ng4 Re6 32. c4 Rf8 33. Qe2 h5 34. Bxg6
Rxg6 35. Ne3 Rgf6 36. b3 Qd7 37. Rf1 Qf7 38. Nd1 Qg6 39. Nc3 Bh4 40. Ne4 Rf4
41. Rxd6 Qxe4+ 42. Qxe4 Rxe4 43. gxh4 Rg4+ 1/2-1/2

[Event "Festival de Calviá 2016 - Aficionados"]
[Site "Calvia ESP"]
[Date "2016.10.15"]
[Round "8.8"]
[White "Asensio Ramos, Enrique Fernand"]
[Black "Voiteanu, Gabriel"]
[Result "0-1"]
[WhiteElo "2077"]
[BlackElo "2207"]
[PlyCount "168"]
[EventDate "2016.10.08"]
[EventType "swiss"]
[EventRounds "9"]
[EventCountry "ESP"]
[SourceTitle "Ajedrez en Madrid"]
[Source "lmi"]
[SourceDate "2016.10.08"]

1. d4 Nf6 2. Bf4 d5 3. Nf3 e6 4. e3 c5 5. Nbd2 Nc6 6. c3 Qb6 7. Rb1 Bd7 8. Bd3
Nh5 9. Bg5 h6 10. Bh4 g5 11. Bg3 Nxg3 12. hxg3 Bg7 13. Qe2 f5 14. Bb5 O-O-O 15.
Bxc6 Bxc6 16. b4 cxd4 17. cxd4 Bb5 18. Qd1 Qa6 19. Qb3 Kb8 20. Qb2 Qa4 21. a3
Bd3 22. Qb3 Qxb3 23. Rxb3 Rc8 24. Rxd3 Rc1+ 25. Ke2 Rxh1 26. Nb3 b6 27. Ne1 Rc8
28. f3 Bf8 29. Rd1 Rc3 30. Rb1 Bd6 31. f4 Rxe1+ 32. Kxe1 Rxe3+ 33. Kf2 gxf4 34.
gxf4 Bxf4 35. a4 Rc3 36. a5 Be3+ 37. Ke2 f4 38. axb6 axb6 39. Rb2 Rc4 40. Kd3
Rxb4 41. Kc3 Rc4+ 42. Kd3 Rc8 43. Nc5 Rxc5 44. Rxb6+ Kc7 45. dxc5 e5 46. Rxh6
Bxc5 47. Re6 e4+ 48. Ke2 Bd6 49. Re8 Kd7 50. Ra8 Ke6 51. Ra4 Be5 52. Ra6+ Kf5
53. Ra8 d4 54. Ra5 Ke6 55. Kd2 Bd6 56. Rb5 Be7 57. Rh5 Bb4+ 58. Kd1 d3 59. Rb5
Bc3 60. Rb3 Ba5 61. Ra3 Bd8 62. Kd2 Bg5 63. Ke1 Be7 64. Ra4 Kf5 65. Kd2 Bg5 66.
Kc3 Bh6 67. Ra6 Bg7+ 68. Kd2 Bf8 69. Ra4 Bh6 70. Kc3 Bg5 71. Rb4 Bd8 72. Ra4
Bb6 73. Ra6 Bf2 74. Kd2 Be3+ 75. Ke1 Ke5 76. Ra5+ Kd4 77. Ra4+ Kd5 78. Ra5+ Bc5
79. Ra4 e3 80. Rxf4 Bd6 81. Rg4 Be5 82. Rg5 Ke4 83. Kf1 e2+ 84. Kf2 Bd4+ 0-1

[Event "Festival de Calviá 2016 - Aficionados"]
[Site "Calvia ESP"]
[Date "2016.10.15"]
[Round "8.9"]
[White "Walton, Alan J"]
[Black "Wahlund, Max"]
[Result "1/2-1/2"]
[WhiteElo "2198"]
[BlackElo "2080"]
[PlyCount "69"]
[EventDate "2016.10.08"]
[EventType "swiss"]
[EventRounds "9"]
[EventCountry "ESP"]
[SourceTitle "Ajedrez en Madrid"]
[Source "lmi"]
[SourceDate "2016.10.08"]

1. d4 e6 2. e4 d5 3. e5 c5 4. c3 Nc6 5. Nf3 Qb6 6. a3 c4 7. Nbd2 Na5 8. Be2 Bd7
9. O-O Ne7 10. Rb1 Nb3 11. Nxb3 Ba4 12. Nfd2 Nc6 13. Qe1 Bxb3 14. Nxb3 cxb3 15.
Bd3 Be7 16. Qe2 O-O-O 17. Be3 Kb8 18. Qg4 g6 19. Qf3 Na5 20. Qxf7 Rde8 21. Qf3
Rhf8 22. Qe2 Rc8 23. f4 Nc4 24. Bxc4 dxc4 25. Rf3 h5 26. Rbf1 Qc6 27. Bc1 Rf5
28. Rg3 Rg8 29. Qf3 Kc7 30. h3 a6 31. Qe2 Qd5 32. Rgf3 Rf7 33. g3 Rh7 34. R3f2
Rgh8 35. Rf3 1/2-1/2